000 00437nam a2200145Ia 4500
008 230917s9999||||xx |||||||||||||| ||und||
040 _e167507
_aMAIN
041 _aEnglish
082 _a891.432741 JS781K
100 _aजोशी, शिवकुमार
245 0 _aकहत कबीरा
260 _aदिल्ली
_bविद्या प्रकाशन मन्दिर
_c1978
300 _a98 p.
942 _cHN
999 _c179330
_d179330